Quizzes
Events
Quiz Creation
Community
Videos
Private Events
Remove Ads
Sign In
Join for FREE
Feedback
Dark Mode
Quiz Categories
Sports
Geography
Music
Movies
Television
Just For Fun
Miscellaneous
History
Literature
Language
Science
Gaming
Entertainment
Religion
Holiday
For Kids
Quiz Lab
Recent
Popular Today
Quiz Kudos Today
Editor Picks
Curator Picks
Quizzes by...
Day
Popularity
Type
Ratings
Length
Year
Community
Subscriptions
Recent Discussions
Orange Saloon
Badges
Playlists
Quests
Create
Leaderboards
Showdown
Live 5
Trivia Bingo
Activity
Puzzle Library
Sporcle Events
Private Events
Virtual Trivia
Globe League
Become a Host
Pub Owners
SporcleCon
Opinionation
Our Games
Videos
Blog
Mobile Apps
Partnerships
Remove Ads and Go Orange
Feedback
Sports
Athletes
MLB
NBA
NHL
NFL
Soccer
Sports Teams
WWE
NCAA
Football
Premier League
Basketball
Baseball
Hockey
Golf
Tennis
Cricket
Rugby
Auto Racing
Olympics
World Cup
Sports
Athletes
MLB
NBA
NHL
NFL
Soccer
Sports Teams
WWE
NCAA
Football
Premier League
Basketball
Baseball
Hockey
Golf
Tennis
Cricket
Rugby
Auto Racing
Olympics
World Cup
Random Quiz
Search Sporcle
×
Quiz Lab
Quiz Lab
Sports
Baseball
Type in answers that appear in a list
Type in answers that appear in a list
Classic
Best Score? Go Orange.
Baseball's $100 Million Club Stats
Can you name the MLB Players who have signed contracts worth $100 Million or more?
By
Peryno
9m
19 Questions
436 Plays
436 Plays
436 Plays
Comments
Comments
Give Quiz Kudos
Give Quiz Kudos
-
- Ratings
hide this ad
More Info
Replay
Link that replays current quiz
Next Quiz
Link to next quiz in quiz playlist
You Got
0%
They Got
Avg Score
62%
Avg Friend Score
Upgrade to see
Score Distribution
Jump to the score distribution portion of the page
Score
0/19
Timer
09:00
0
Plays Today
Contract
Player
% Correct
10 /
$275
Alex Rodriguez
99.1%
10 /
$189
Derek Jeter
96.6%
7 /
$161
CC Sabathia
87.8%
8 /
$180
Mark Teixeira
85.3%
7 /
$100
Albert Pujols
83.7%
8 /
$160
Manny Ramirez
80.5%
6 /
$100
Carlos Lee
64%
6 /
$137.5
Johan Santana
63.8%
7 /
$119
Carlos Beltran
60.8%
7 /
$126
Barry Zito
52.8%
Contract
Player
% Correct
7 /
$105
Kevin Brown
51.1%
7 /
$120
Matt Holliday
49.8%
9 /
$141.5
Todd Helton
49.5%
7 /
$120
Jason Giambi
47.7%
8 /
$136
Alfonso Soriano
47%
7 /
$126
Vernon Wells
44%
8 /
$121
Mike Hampton
41.7%
8 /
$153.3
Miguel Cabrera
41.5%
9 /
$116.5
Ken Griffey
38.3%
Quiz Playlist
Details
Report
Send in Message
Add To Playlist
More Info:
There are 19 players who have at one point in their careers signed a deal worth $100 Million or more.
Classic:
Type in answers that appear in a list
Quiz Source
Last Updated: Feb 16, 2017
Quiz Scoreboard
CHALLENGE
Sign Up to Join the Scoreboard
Show All
Scores
Hide
Comments
May contain spoilers
Recently Published
Decade Duel: World Leaders
by jenniferyan
History
4m
Alphabetical 'K' Countries by Flag Minefield
by ylime102
Geography
3m
Pick 6: Fruits
by JohnFran
Miscellaneous
15s
More to Explore
Quiz From the Vault
Featured Blog Post
15 Basketball Trivia Facts You Can Be March Mad About
hide this ad
You Might Also Like...
Tags
Baseball Quiz
Football Quiz
MLB Quiz
100
100 Million
2009
club
contract
million
Player
Primary
Signed
Worth
Today's Top Quizzes in Sports
Browse Sports
hide this ad
Today's Top Quizzes in Baseball
Browse Baseball
Top Contributed Quizzes in Sports
1
Les joueurs à 100 buts en Ligue 1 Uber Eats
2
Pick 6: NFL Teams
3
2022 World Cup Stars
4
MLB 2 truths and a lie: Hall of Fame pitchers
5
Pick 6: Minor League Baseball
6
Millionaire: NBA Finals Edition
7
Click the 1998 NBA Draft
8
Criteria MLB: Left Handed Sluggers
9
Pick 6: Olympics
10
Pick 6: NFL WRs
Explore More
Trending Topics
Anime
Disney
Marvel
Kpop
NBA
Crossword
Harry Potter
The Office
Puzzle
WWE
NFL
Pokémon
Song
Soccer
Country
hide this ad
More By:
Peryno
Quiz
Plays
Rating
Category
Featured
Created
Baseball's $100 Million Club
436
4.00
Sports
Jan 14, 2010
MLB 'Career' Triple-Crowns
364
3.60
Sports
Jan 14, 2010
MLB HR Leaders by Letter
324
2.75
Sports
Jan 5, 2010
Active MLB Players with Batting Crowns
275
4.00
Sports
Jan 12, 2010
Active Cy Young Winners
164
Sports
Jul 2, 2010
Go to Creator's Profile
Score Distribution
Quiz Creator Spotlight
Peryno
Follow
Send a Message
Quizzes Created
-
Created Quiz Play Count
-
More By This Creator
Popular Quizzes Today
1
Countries of Asia Without Outlines Minefield
2
Find the US States - No Outlines Minefield
3
Pick 6: Fruits
4
Alphabetical 'K' Countries by Flag Minefield
5
The Countries of the World
6
Find the Countries of Europe - No Outlines Minefield
7
US States
8
Find the US States
More Sports Quizzes
MLB MVP Reveal (2000-Present) XXIX
Quiz Lab
Trending Quizzes
Pick 6: Mountains
Pick 6: Harry Potter
Pick 6: Flags
Pick 6: NFL Teams
Pick 6: Movie Franchises
Recently Updated
Adaptations: Name the Title
pecheneg
NWSL Teams
pecheneg
Women's Final Four Teams by Year
bhenderson79
Presidents Quartet II
eogle
Anything But Clue(do)
eogle
Anything But Oceanian Capitals
eogle
Anything But 7
eogle
Anything But Thing
eogle
Word Ladder: February 29
pecheneg
Song Title Questions
pecheneg
Trending Topics
Marvel
Kpop
NBA
Harry Potter
Crossword
Anime
Disney
The Office
Pokémon
WWE
NFL
Soccer
Song
Puzzle
Country
Your Account Isn't Verified!
In order to create a playlist on Sporcle, you need to verify the email address you used during registration. Go to your
Sporcle Settings
to finish the process.
Report this User
Report this user for behavior that violates our
Community Guidelines
.
Details:
Send Report
Go to the Sporcle.com Mobile Site →
Comments